[Event "GER-ch Net Amateur Gr-C Final"]
[Site "Playchess.com INT"]
[Date "2020.04.18"]
[Round "1"]
[White "Bone, Karin"]
[Black "Starke, Timo"]
[Result "0-1"]
[WhiteElo "1310"]
[BlackElo "1546"]
[PlyCount "116"]
[EventDate "2020.04.18"]
[EventType "swiss (blitz)"]
[EventRounds "13"]
[EventCountry "GER"]
[SourceTitle "CBM 195 Extra"]
[Source "ChessBase"]
[SourceDate "2020.05.31"]
[SourceVersion "1"]
[SourceVersionDate "2020.05.31"]
[SourceQuality "1"]

1. e4 c5 2. Nf3 d6 3. d4 cxd4 4. Nxd4 Nc6 5. Nxc6 bxc6 6. Bc4 e5 7. Nc3 Nf6 8. Bg5 Be7 9. 0-0 0-0 10. a3 h6 11. Bh4 a5 12. Re1 Ba6 13. Bxa6 Rxa6 14. h3 Ra8 15. b4 axb4 16. axb4 Rxa1 17. Qxa1 Qb6 18. Rb1 g5 19. Bg3 Qc7 20. b5 cxb5 21. Nxb5 Qxc2 22. Rc1 Qxe4 23. Qa7 Nd5 24. Rb1 Qh7 25. Ra1 f5 26. Ra5 Bd8 27. Ra6 Qxa7 28. Rxa7 f4 29. Bh2 Bb6 30. Rb7 Bc5 31. g3 Rf7 32. Rb8+ Rf8 33. Rb7 Rf7 34. Rb8+ Kg7 35. gxf4 gxf4 36. Kg2 Kf6 37. h4 Ke6 38. Rd8 Rd7 39. Rh8 h5 40. Rxh5 Rg7+ 41. Kf1 Nf6 42. Rh6 Rh7 43. Rg6 Kf7 44. Rg1 Rg7 45. Nc7 Rxg1+ 46. Bxg1 Ng4 47. f3 Bxg1 48. fxg4 Bb6 49. Nd5 Kg7 50. Ne7 Kf6 51. Nd5+ Kf7 52. Nxb6 Kf6 53. Nd7+ Ke6 54. Nf8+ Kf6 55. Nd7+ Ke6 56. Nb6 Kf6 57. Nc4 d5 58. Nd2 e4 0-1

[Event "GER-ch Net Amateur Gr-C Final"]
[Site "Playchess.com INT"]
[Date "2020.04.18"]
[Round "11"]
[White "Foeing, Alexander"]
[Black "Starke, Timo"]
[Result "0-1"]
[WhiteElo "1338"]
[BlackElo "1546"]
[PlyCount "98"]
[EventDate "2020.04.18"]
[EventType "swiss (blitz)"]
[EventRounds "13"]
[EventCountry "GER"]
[SourceTitle "CBM 195 Extra"]
[Source "ChessBase"]
[SourceDate "2020.05.31"]
[SourceVersion "1"]
[SourceVersionDate "2020.05.31"]
[SourceQuality "1"]

1. e4 e5 2. Nf3 d6 3. Bc4 c6 4. 0-0 Nf6 5. Nc3 Be7 6. d3 0-0 7. h3 h6 8. Be3 Nbd7 9. Qd2 g5 10. h4 Ng4 11. hxg5 Nxe3 12. Qxe3 Bxg5 13. Nxg5 Qxg5 14. Qe2 Nb6 15. f4 exf4 16. Qf3 Nxc4 17. dxc4 Be6 18. Qxf4 Qxf4 19. Rxf4 Bxc4 20. Rg4+ Kh7 21. Kf2 f5 22. exf5 Rxf5+ 23. Kg3 Rg8 24. Rh1 Rxg4+ 25. Kxg4 Be6 26. Re1 Re5+ 27. Kf4 Rxe1 28. Ne4 Rf1+ 29. Kg3 d5 30. Nd6 b5 31. Ne8 Rf8 32. Nc7 Rf6 33. Ne8 Rg6+ 34. Kf3 Bf5 35. c3 Be4+ 36. Ke3 Rxg2 37. Nf6+ Kg6 38. Nxe4 dxe4 39. Kxe4 Rxb2 40. a3 Rf2 41. Kd4 h5 42. Ke4 h4 43. Ke3 Rf8 44. Ke4 h3 45. Ke3 h2 46. Kd4 h1Q 47. Kc5 Qd5+ 48. Kb4 Rf4+ 49. Ka5 Ra4# 0-1

[Event "GER-ch Net Amateur Gr-C Final"]
[Site "Playchess.com INT"]
[Date "2020.04.18"]
[Round "13"]
[White "Pflugbeil, Julian"]
[Black "Starke, Timo"]
[Result "1/2-1/2"]
[WhiteElo "1420"]
[BlackElo "1546"]
[PlyCount "110"]
[EventDate "2020.04.18"]
[EventType "swiss (blitz)"]
[EventRounds "13"]
[EventCountry "GER"]
[SourceTitle "CBM 195 Extra"]
[Source "ChessBase"]
[SourceDate "2020.05.31"]
[SourceVersion "1"]
[SourceVersionDate "2020.05.31"]
[SourceQuality "1"]

1. Nf3 d5 2. d4 Nf6 3. Nc3 Nc6 4. Bf4 e6 5. g3 Bd6 6. Be5 Nxe5 7. dxe5 Ne4 8. exd6 Qxd6 9. Nxe4 dxe4 10. Qxd6 cxd6 11. Ng5 d5 12. 0-0-0 h6 13. Nh3 0-0 14. f3 f5 15. g4 exf3 16. exf3 fxg4 17. fxg4 b6 18. Bd3 e5 19. g5 Bg4 20. Rdg1 Bf3 21. gxh6 Bxh1 22. Rxg7+ Kh8 23. Ng5 e4 24. Bb5 Rf6 25. c4 Rxh6 26. Re7 Rxh2 27. Nf7+ Kg8 28. Bc6 Rf8 29. Bxd5 Kg7 30. Rxa7 Rf2 31. Ne5+ Kf6 32. Ng4+ Kg6 33. Nxf2 Rxf2 34. b4 Rf1+ 35. Kd2 Rf2+ 36. Ke3 Rf3+ 37. Kd4 Rd3+ 38. Ke5 e3 39. Be4+ Kg5 40. Bxd3 Kg4 41. c5 bxc5 42. bxc5 Kg3 43. Rg7+ Kf2 44. Kf4 Bd5 45. a4 e2 46. Bxe2 Kxe2 47. Re7+ Kd3 48. Ke5 Bc6 49. a5 Bb5 50. Rb7 Kc4 51. Ke4 Bc6+ 52. Ke5 Bxb7 53. Kd6 Kb5 54. a6 Kxa6 55. c6 Bxc6 1/2-1/2

[Event "GER-ch Net Amateur Gr-C Final"]
[Site "Playchess.com INT"]
[Date "2020.04.18"]
[Round "4"]
[White "Starke, Timo"]
[Black "Roos Nazario, Valentin1111"]
[Result "1/2-1/2"]
[WhiteElo "1546"]
[BlackElo "1437"]
[PlyCount "190"]
[EventDate "2020.04.18"]
[EventType "swiss (blitz)"]
[EventRounds "13"]
[EventCountry "GER"]
[SourceTitle "CBM 195 Extra"]
[Source "ChessBase"]
[SourceDate "2020.05.31"]
[SourceVersion "1"]
[SourceVersionDate "2020.05.31"]
[SourceQuality "1"]

1. d4 d5 2. c4 Nf6 3. Nc3 Bf5 4. Nf3 e6 5. e3 Nc6 6. cxd5 exd5 7. Bd3 Bg6 8. Bxg6 fxg6 9. 0-0 Bd6 10. a3 0-0 11. Qb3 Kh8 12. Qxb7 Qd7 13. Qb5 Rfb8 14. Qe2 Re8 15. b4 a6 16. Re1 Re7 17. Qd3 Qe8 18. Bd2 Qf7 19. Re2 Rae8 20. Rae1 Ne4 21. h3 Qf6 22. Qxa6 Re6 23. Nxd5 Qf7 24. Kh1 Nxb4 25. axb4 Bxb4 26. Qa2 Nxd2 27. Nxd2 Bxd2 28. Rxd2 Rd6 29. Nc3 Qe7 30. Qc4 Rf8 31. Rf1 Rdf6 32. f4 Qd7 33. Qd3 Qd6 34. Rff2 Qb4 35. Ne4 R6f7 36. Rb2 Qe1+ 37. Rf1 Qh4 38. Kh2 Qe7 39. Nf2 Rf6 40. Re1 Re6 41. Rbe2 Re8 42. Ng4 h5 43. Ne5 Kh7 44. Rd1 Qd6 45. Red2 c6 46. d5 cxd5 47. Qxd5 Qxd5 48. Rxd5 Kh6 49. g4 hxg4 50. hxg4 Kh7 51. Kg3 Kg8 52. Rh1 g5 53. f5 Rxe5 54. Rxe5 Rxe5 55. Kf3 Kf7 56. Rh5 Kf6 57. Rh2 Ra5 58. Rd2 g6 59. fxg6 Kxg6 60. Rd6+ Kg7 61. Ke4 Ra4+ 62. Kf5 Ra5+ 63. Ke4 Ra4+ 64. Kf3 Ra3 65. Rd5 Kf6 66. Ke4 Ra4+ 67. Kf3 Ra3 68. Rf5+ Kg6 69. Re5 Ra4 70. e4 Ra3+ 71. Ke2 Rg3 72. Re6+ Kf7 73. Re5 Kf6 74. Rf5+ Kg6 75. Kf2 Rxg4 76. Kf3 Rh4 77. Rd5 Rh3+ 78. Kg4 Rh4+ 79. Kf3 Rf4+ 80. Kg3 Kh5 81. e5 Rf5 82. Rc5 Kg6 83. Rb5 Kf7 84. Kg4 Rf1 85. Kxg5 Rg1+ 86. Kf5 Rf1+ 87. Ke4 Re1+ 88. Kd5 Rd1+ 89. Kc6 Rc1+ 90. Kd7 Rd1+ 91. Kc6 Rc1+ 92. Kd5 Rd1+ 93. Ke4 Re1+ 94. Kf5 Rf1+ 95. Ke4 Re1+ 1/2-1/2

[Event "GER-ch Net Amateur Gr-C Final"]
[Site "Playchess.com INT"]
[Date "2020.04.18"]
[Round "9"]
[White "Vollenberg, Joerg"]
[Black "Starke, Timo"]
[Result "1-0"]
[WhiteElo "1670"]
[BlackElo "1546"]
[PlyCount "127"]
[EventDate "2020.04.18"]
[EventType "swiss (blitz)"]
[EventRounds "13"]
[EventCountry "GER"]
[SourceTitle "CBM 195 Extra"]
[Source "ChessBase"]
[SourceDate "2020.05.31"]
[SourceVersion "1"]
[SourceVersionDate "2020.05.31"]
[SourceQuality "1"]

1. e4 c5 2. Nf3 d6 3. c3 e5 4. d4 cxd4 5. cxd4 exd4 6. Nxd4 Nc6 7. Be3 Nf6 8. Nc3 Be7 9. Bb5 a6 10. Bxc6+ bxc6 11. Nxc6 Qc7 12. Nxe7 Qxe7 13. f3 0-0 14. 0-0 Bb7 15. b3 Rac8 16. Ne2 d5 17. Ng3 dxe4 18. Re1 Rfd8 19. Qb1 exf3 20. Bb6 f2+ 21. Kxf2 Rd2+ 22. Kg1 Qb4 23. Re2 Rxe2 24. Nxe2 Qxb6+ 25. Kh1 Qc6 26. Qf1 Ng4 27. Nd4 Qc5 28. Nf3 Nf2+ 29. Kg1 Nh3+ 30. Kh1 Bxf3 31. gxf3 Nf2+ 32. Kg2 Nh3 33. Kxh3 Qh5+ 34. Kg3 h6 35. Rc1 Rxc1 36. Qxc1 Qg5+ 37. Qxg5 hxg5 38. a4 f6 39. b4 Kf7 40. Kg4 Ke7 41. b5 axb5 42. axb5 Kd6 43. Kf5 Kc5 44. Kg6 Kxb5 45. Kxg7 Kc4 46. Kxf6 Kd4 47. Kxg5 Ke3 48. f4 Ke4 49. f5 Ke5 50. Kg6 Kd6 51. f6 Kd7 52. Kg7 Ke8 53. f7+ Kd7 54. f8Q Ke6 55. h3 Kd7 56. h4 Ke6 57. h5 Kd7 58. h6 Ke6 59. h7 Kd7 60. h8Q Ke6 61. Qh6+ Kd7 62. Qhf6 Kc7 63. Q8e7+ Kc8 64. Qff8# 1-0

[Event "GER-ch Net Amateur Gr-C Vor3"]
[Site "Playchess.com INT"]
[Date "2020.04.16"]
[Round "2"]
[White "Hoffmann, Tom"]
[Black "Starke, Timo"]
[Result "0-1"]
[WhiteElo "1641"]
[BlackElo "1561"]
[PlyCount "106"]
[EventDate "2020.04.16"]
[EventType "swiss (blitz)"]
[EventRounds "9"]
[EventCountry "GER"]
[SourceTitle "CBM 195 Extra"]
[Source "ChessBase"]
[SourceDate "2020.05.31"]
[SourceVersion "1"]
[SourceVersionDate "2020.05.31"]
[SourceQuality "1"]

1. d4 d5 2. Bf4 Nf6 3. Nf3 e6 4. e3 a6 5. Bd3 Nc6 6. c3 Be7 7. Nbd2 0-0 8. Qc2 h6 9. e4 dxe4 10. Nxe4 Nxe4 11. Bxe4 f5 12. Bd3 Bd7 13. Ne5 Nxe5 14. Bxe5 Bf6 15. Bxf6 Rxf6 16. Qe2 Qe7 17. g4 Re8 18. 0-0-0 e5 19. Rde1 Re6 20. Bc4 Qg5+ 21. Kb1 Kh7 22. Bxe6 Bxe6 23. gxf5 Qxf5+ 24. Qe4 Qxe4+ 25. Rxe4 Bd5 26. Ree1 Bxh1 27. Rxh1 exd4 28. cxd4 Re2 29. Rf1 Rd2 30. Rc1 c6 31. Rc2 Rxd4 32. Kc1 Kg6 33. Rd2 Rh4 34. f3 Kf5 35. Kc2 g6 36. Kd3 h5 37. Ke3 g5 38. b3 Rh3 39. Rg2 g4 40. Rg3 Rxh2 41. fxg4+ hxg4 42. a4 Rh3 43. Rxh3 gxh3 44. Kf3 h2 45. Kg2 Ke4 46. Kxh2 Kd4 47. b4 Kc4 48. b5 cxb5 49. axb5 a5 50. Kg2 a4 51. Kf2 a3 52. Ke2 a2 53. Kd2 a1Q 0-1

[Event "GER-ch Net Amateur Gr-C Vor3"]
[Site "Playchess.com INT"]
[Date "2020.04.16"]
[Round "8"]
[White "Starke, Timo"]
[Black "Mras, Reiko"]
[Result "1-0"]
[WhiteElo "1561"]
[BlackElo "1388"]
[PlyCount "67"]
[EventDate "2020.04.16"]
[EventType "swiss (blitz)"]
[EventRounds "9"]
[EventCountry "GER"]
[SourceTitle "CBM 195 Extra"]
[Source "ChessBase"]
[SourceDate "2020.05.31"]
[SourceVersion "1"]
[SourceVersionDate "2020.05.31"]
[SourceQuality "1"]

1. d4 Nf6 2. c4 e6 3. e3 d5 4. Nf3 c5 5. Nc3 Be7 6. Be2 0-0 7. 0-0 Nc6 8. a3 a6 9. cxd5 Nxd5 10. Nxd5 Qxd5 11. Qc2 b6 12. Rd1 Qf5 13. Bd3 Qd5 14. Be4 Qd7 15. dxc5 Qa7 16. cxb6 Qxb6 17. Qxc6 Qxc6 18. Bxc6 Rb8 19. b4 Bb7 20. Bxb7 Rxb7 21. Bb2 f5 22. Ne5 Rb5 23. Nd7 Rd8 24. Ne5 Rxd1+ 25. Rxd1 Bf6 26. Nc4 Bxb2 27. Nxb2 Rc5 28. h3 Rc3 29. Rd3 Rc2 30. Nd1 Kf7 31. Kf1 e5 32. Rd6 Rb2 33. Rxa6 f4 34. Nxb2 1-0

[Event "GER-ch Net Amateur Gr-C Vor2"]
[Site "Playchess.com INT"]
[Date "2020.04.15"]
[Round "9"]
[White "Helmer, Andreas"]
[Black "Starke, Timo"]
[Result "1-0"]
[WhiteElo "1527"]
[BlackElo "1566"]
[PlyCount "47"]
[EventDate "2020.04.15"]
[EventType "swiss (blitz)"]
[EventRounds "9"]
[EventCountry "GER"]
[SourceTitle "CBM 196 Extra"]
[Source "ChessBase"]
[SourceDate "2020.07.31"]
[SourceVersion "1"]
[SourceVersionDate "2020.07.31"]
[SourceQuality "1"]

1. Nf3 d5 2. d4 e6 3. e3 Nf6 4. Bd3 Be7 5. 0-0 0-0 6. b3 a6 7. Bb2 Nc6 8. Nbd2 Re8 9. Ne5 Nxe5 10. dxe5 Nd7 11. f4 f5 12. g4 fxg4 13. Qxg4 Nf8 14. Nf3 Bc5 15. Kh1 Bxe3 16. Ng5 h6 17. Nf3 Bc5 18. Nh4 Be7 19. Ng6 Nxg6 20. Qxg6 Kf8 21. Rg1 Bf6 22. exf6 Qxf6 23. Bxf6 gxf6 24. Qxf6# 1-0

[Event "GER-ch Net Amateur Gr-C Vor2"]
[Site "Playchess.com INT"]
[Date "2020.04.15"]
[Round "8"]
[White "Rodriguez Klasen, Ennio"]
[Black "Starke, Timo"]
[Result "0-1"]
[WhiteElo "1469"]
[BlackElo "1544"]
[PlyCount "190"]
[EventDate "2020.04.15"]
[EventType "swiss (blitz)"]
[EventRounds "9"]
[EventCountry "GER"]
[SourceTitle "CBM 196 Extra"]
[Source "ChessBase"]
[SourceDate "2020.07.31"]
[SourceVersion "1"]
[SourceVersionDate "2020.07.31"]
[SourceQuality "1"]

1. e4 c5 2. Nf3 d6 3. Bc4 e6 4. Nc3 Nc6 5. 0-0 Nf6 6. d4 d5 7. exd5 exd5 8. Re1+ Be6 9. Bb5 Be7 10. Bg5 0-0 11. Bxc6 bxc6 12. dxc5 Bxc5 13. Qd2 Be7 14. Ne5 Ne4 15. Nxe4 dxe4 16. Qxd8 Bxd8 17. Bxd8 Rfxd8 18. Nxc6 Rd6 19. Nb4 Rb8 20. c3 a5 21. Nc2 Rxb2 22. Rab1 Rxb1 23. Rxb1 h6 24. h3 Bxa2 25. Ra1 Bb3 26. Nd4 a4 27. Ra3 g6 28. Nxb3 axb3 29. Rxb3 Rd3 30. Kf1 Kg7 31. Ke2 f5 32. f3 Kf6 33. fxe4 fxe4 34. Rb6+ Kf5 35. g4+ Kg5 36. Rc6 Rxh3 37. c4 h5 38. gxh5 gxh5 39. c5 Rc3 40. Rc8 h4 41. c6 h3 42. c7 h2 43. Rg8+ Kf4 44. Rf8+ Kg3 45. Rg8+ Kh4 46. Rh8+ Kg3 47. Rg8+ Kf4 48. Rf8+ Ke5 49. Re8+ Kd6 50. Rh8 Rxc7 51. Ke3 Rc1 52. Rxh2 Re1+ 53. Kf4 Kd5 54. Rh4 Kd4 55. Rh6 Rf1+ 56. Kg5 e3 57. Rd6+ Kc3 58. Re6 Kd2 59. Kg4 e2 60. Rd6+ Ke1 61. Kg3 Rg1+ 62. Kf3 Kf1 63. Rf6 e1Q 64. Kf4 Qf2+ 65. Ke5 Qxf6+ 66. Kxf6 Rg4 67. Ke6 Kf2 68. Kf5 Kf3 69. Ke5 Rf4 70. Kd5 Ke3 71. Ke5 Kf3 72. Kd5 Kg4 73. Ke5 Rf1 74. Ke6 Kg5 75. Ke7 Kg6 76. Ke6 Re1+ 77. Kd5 Kf5 78. Kd4 Kf4 79. Kd3 Kf3 80. Kd4 Re8 81. Kd5 Kf4 82. Kd6 Kf5 83. Kd7 Re6 84. Kd8 Ke5 85. Kd7 Kd5 86. Kc7 Rd6 87. Kb7 Kc5 88. Kc7 Kd5 89. Kb7 Rc6 90. Ka7 Kc5 91. Kb7 Kb5 92. Ka7 Rb6 93. Ka8 Kc6 94. Ka7 Kc7 95. Ka8 Ra6# 0-1

[Event "GER-ch Net Amateur Gr-C Vor2"]
[Site "Playchess.com INT"]
[Date "2020.04.15"]
[Round "2"]
[White "Starke, Timo"]
[Black "Fuhrmann, Berndt"]
[Result "1-0"]
[WhiteElo "1434"]
[BlackElo "1202"]
[PlyCount "21"]
[EventDate "2020.04.15"]
[EventType "swiss (blitz)"]
[EventRounds "9"]
[EventCountry "GER"]
[SourceTitle "CBM 196 Extra"]
[Source "ChessBase"]
[SourceDate "2020.07.31"]
[SourceVersion "1"]
[SourceVersionDate "2020.07.31"]
[SourceQuality "1"]

1. e4 e5 2. Nf3 Nc6 3. d4 f6 4. Bc4 Nge7 5. Nc3 d6 6. 0-0 Bg4 7. Be3 Bxf3 8. Qxf3 g6 9. Qxf6 Rg8 10. Qf7+ Kd7 11. Be6# 1-0

[Event "GER-ch Net Amateur Gr-C Vor2"]
[Site "Playchess.com INT"]
[Date "2020.04.15"]
[Round "6"]
[White "Vollenberg, Joerg"]
[Black "Starke, Timo"]
[Result "1/2-1/2"]
[WhiteElo "1706"]
[BlackElo "1486"]
[PlyCount "149"]
[EventDate "2020.04.15"]
[EventType "swiss (blitz)"]
[EventRounds "9"]
[EventCountry "GER"]
[SourceTitle "CBM 196 Extra"]
[Source "ChessBase"]
[SourceDate "2020.07.31"]
[SourceVersion "1"]
[SourceVersionDate "2020.07.31"]
[SourceQuality "1"]

1. e4 e5 2. Nf3 d6 3. Bc4 h6 4. c3 Nc6 5. Qb3 Be6 6. Bxe6 fxe6 7. Qxe6+ Qe7 8. Qb3 Rb8 9. d3 Nf6 10. Be3 Qd7 11. Nbd2 Be7 12. Qa4 0-0 13. Nh4 Qe8 14. Nf5 Bd8 15. Qc4+ Kh8 16. Qb3 Qf7 17. Qxf7 Rxf7 18. 0-0-0 Be7 19. Nxe7 Nxe7 20. Rhf1 Rbf8 21. h3 b6 22. Nc4 Nd7 23. f3 Kh7 24. Nd2 d5 25. Bg1 dxe4 26. dxe4 c5 27. Nc4 Nf6 28. Nxe5 Ng6 29. Nxf7 Rxf7 30. Bh2 Nh4 31. g3 Ng6 32. Rd2 Kg8 33. Rfd1 Ne5 34. f4 Nf3 35. Rf2 Nxh2 36. Rxh2 Nxe4 37. Rd3 Kh7 38. Re2 Nf6 39. Rdd2 g5 40. Re3 gxf4 41. gxf4 Nh5 42. Rf3 Rxf4 43. Rxf4 Nxf4 44. Rd7+ Kg6 45. h4 Kh5 46. Rxa7 Kxh4 47. Rb7 Kg5 48. Rxb6 h5 49. Rb5 h4 50. Rxc5+ Kg4 51. Re5 h3 52. Re1 Kg3 53. Rh1 h2 54. Rxh2 Kxh2 55. Kc2 Kg3 56. c4 Kf3 57. Kc3 Ne6 58. b4 Ke4 59. a4 Ke5 60. c5 Kd5 61. Kd3 Nxc5+ 62. bxc5 Kxc5 63. Kc3 Kb6 64. Kb3 Ka5 65. Ka3 Ka6 66. Kb4 Kb6 67. a5+ Ka6 68. Ka4 Kb7 69. Kb5 Ka7 70. a6 Kb8 71. Kb6 Ka8 72. Ka5 Ka7 73. Kb5 Kb8 74. Kc6 Ka7 75. Kb5 1/2-1/2

[Event "GER-ch Net Amateur Gr-C Vor1"]
[Site "Playchess.com INT"]
[Date "2020.04.14"]
[Round "1"]
[White "Lang, Dirk"]
[Black "Starke, Timo"]
[Result "0-1"]
[WhiteElo "1356"]
[BlackElo "1620"]
[PlyCount "108"]
[EventDate "2020.04.14"]
[EventType "swiss (blitz)"]
[EventRounds "9"]
[EventCountry "GER"]
[SourceTitle "CBM 196 Extra"]
[Source "ChessBase"]
[SourceDate "2020.07.31"]
[SourceVersion "1"]
[SourceVersionDate "2020.07.31"]
[SourceQuality "1"]

1. e4 e5 2. Nf3 d6 3. d4 exd4 4. Nxd4 Nc6 5. Nxc6 bxc6 6. Bc4 Nf6 7. Nc3 Be7 8. 0-0 0-0 9. f4 d5 10. exd5 cxd5 11. Nxd5 Bc5+ 12. Kh1 Nxd5 13. Bxd5 Rb8 14. Bxf7+ Kh8 15. Qxd8 Rxd8 16. Re1 Ba6 17. Be3 Bxe3 18. Rxe3 Rxb2 19. Rae1 Rbb8 20. h4 Bb5 21. c3 h6 22. Kh2 Kh7 23. Rg3 Be8 24. Bxe8 Rxe8 25. Rxe8 Rxe8 26. Rd3 Re4 27. Kg3 Re2 28. Kf3 Rxa2 29. g4 c5 30. c4 Ra4 31. Rc3 g5 32. hxg5 hxg5 33. f5 Kg7 34. Ke4 Kf6 35. Kd5 Ra5 36. Re3 Ra6 37. Re6+ Rxe6 38. fxe6 Ke7 39. Ke5 a5 40. Kd5 a4 41. Kxc5 a3 42. Kb5 a2 43. c5 a1Q 44. c6 Qb2+ 45. Kc5 Qc3+ 46. Kd5 Qd3+ 47. Ke5 Qd6+ 48. Kf5 Qxe6+ 49. Kxg5 Qxc6 50. Kh5 Qe4 51. g5 Qe5 52. Kh6 Qg3 53. g6 Kf6 54. Kh5 Qg5# 0-1

[Event "GER-ch Net Amateur Gr-C Vor1"]
[Site "Playchess.com INT"]
[Date "2020.04.14"]
[Round "9"]
[White "Starke, Timo"]
[Black "Kuever, Bastian"]
[Result "0-1"]
[WhiteElo "1620"]
[BlackElo "1524"]
[PlyCount "104"]
[EventDate "2020.04.14"]
[EventType "swiss (blitz)"]
[EventRounds "9"]
[EventCountry "GER"]
[SourceTitle "CBM 196 Extra"]
[Source "ChessBase"]
[SourceDate "2020.07.31"]
[SourceVersion "1"]
[SourceVersionDate "2020.07.31"]
[SourceQuality "1"]

1. d4 Nf6 2. c4 e6 3. e3 d5 4. cxd5 Nxd5 5. e4 Nf6 6. Nf3 Nxe4 7. Bd3 Nf6 8. Nc3 Bb4 9. Bd2 0-0 10. 0-0 c5 11. Qc2 cxd4 12. Ne4 Bxd2 13. Nxf6+ Qxf6 14. Nxd2 Nc6 15. Bxh7+ Kh8 16. Be4 Ne5 17. Nf3 Nxf3+ 18. Bxf3 e5 19. Rfe1 Re8 20. Be4 Qg5 21. Qd3 f5 22. Bd5 Rb8 23. Qh3+ Qh6 24. Qg3 f4 25. Qf3 Bf5 26. Be4 Bxe4 27. Qxe4 Qf6 28. Re2 b6 29. Rae1 Rbc8 30. Qf3 Qf5 31. Qd5 Rc5 32. Rxe5 Rxe5 33. Rxe5 Qxe5 34. Qd8+ Kh7 35. Qh4+ Qh5 36. Qxh5+ Rxh5 37. g3 fxg3 38. hxg3 Rc5 39. Kf1 Rb5 40. b3 d3 41. Ke1 Ra5 42. a4 Rd5 43. Kd2 Kg6 44. f3 a5 45. f4 Kf5 46. g4+ Kxg4 47. b4 axb4 48. f5 Kxf5 49. a5 bxa5 50. Kd1 d2 51. Kc2 d1Q+ 52. Kb2 Rd2# 0-1

[Event "GER-ch Net Amateur Gr-C Vor1"]
[Site "Playchess.com INT"]
[Date "2020.04.14"]
[Round "4"]
[White "Starke, Timo"]
[Black "Kuever, Benjamin"]
[Result "0-1"]
[WhiteElo "1620"]
[BlackElo "1728"]
[PlyCount "134"]
[EventDate "2020.04.14"]
[EventType "swiss (blitz)"]
[EventRounds "9"]
[EventCountry "GER"]
[SourceTitle "CBM 196 Extra"]
[Source "ChessBase"]
[SourceDate "2020.07.31"]
[SourceVersion "1"]
[SourceVersionDate "2020.07.31"]
[SourceQuality "1"]

1. d4 Nf6 2. c4 e6 3. e3 Bb4+ 4. Bd2 Bxd2+ 5. Nxd2 0-0 6. Ngf3 d5 7. cxd5 exd5 8. Bd3 Bg4 9. h3 Bd7 10. 0-0 b6 11. Bc2 Bb5 12. Re1 Nbd7 13. Nb3 Re8 14. Qd2 Ne4 15. Qb4 Bc4 16. Bxe4 Bxb3 17. Qxb3 dxe4 18. Nd2 c5 19. dxc5 Nxc5 20. Qc2 Qd7 21. Rad1 Rad8 22. Nb3 Qc6 23. Nxc5 Qxc5 24. Qxc5 bxc5 25. Rxd8 Rxd8 26. Re2 f5 27. g4 g6 28. gxf5 gxf5 29. Kg2 Kf7 30. Kg3 Kf6 31. Kf4 Rd3 32. f3 exf3 33. Kxf3 Ke5 34. Rc2 Kd5 35. Ke2 c4 36. a3 Rb3 37. Kf3 a5 38. Rd2+ Rd3 39. Rc2 a4 40. Kf4 h6 41. Kxf5 Rxe3 42. Rh2 c3 43. bxc3 Rxc3 44. Kg6 Rxa3 45. Kxh6 Re3 46. Rb2 Rxh3+ 47. Kg5 Rb3 48. Ra2 a3 49. Kf4 Kc4 50. Ke4 Kb4 51. Kd4 Rb2 52. Ra1 Kb3 53. Kd3 a2 54. Rd1 Rb1 55. Rxb1+ axb1Q+ 56. Kd4 Qc1 57. Ke5 Qd2 58. Ke4 Kc4 59. Kf3 Kd4 60. Kg4 Qf2 61. Kg5 Qf3 62. Kh4 Qg2 63. Kh5 Qg3 64. Kh6 Qg4 65. Kh7 Ke5 66. Kh6 Kf6 67. Kh7 Qg7# 0-1